Speak English (Record no. 175370)

MARC details
000 -LEADER
fixed length control field 00458nam a22001697a 4500
005 - DATE AND TIME OF LATEST TRANSACTION
control field 20200826165432.0
010 ## - LCCN (DPL NO)
LC control number B-103692
020 ## - INTERNATIONAL STANDARD BOOK NUMBER
International Standard Book Number 8125025677
Terms of availability 28.00
035 ## - SYSTEM CONTROL NUMBER
System control number B-103692
082 ## - DEWEY DECIMAL CLASSIFICATION NUMBER
Classification number 480
100 ## - MAIN ENTRY--PERSONAL NAME
Personal name Dallas, Don
245 ## - TITLE STATEMENT
Title Speak English
Statement of responsibility, etc Don Dallas
Medium English
260 ## - PUBLICATION, DISTRIBUTION, ETC. (IMPRINT)
Place of publication, distribution, etc Chennai
Name of publisher, distributor, etc Orient Longman Private Limited
270 ## - ADDRESS
Address 160 Anna Salai,
-- Chennai-600002
300 ## - PHYSICAL DESCRIPTION
Extent iv; 88p.;20cm
942 ## - ADDED ENTRY ELEMENTS (KOHA)
Source of classification or shelving scheme Dewey Decimal Classification
Item type Children Books
Classification part 480
Call number suffix DAL
Holdings
Withdrawn status Lost status Not for loan Collection code Home library Current library Date acquired Cost, normal purchase price Full call number Barcode Copy number Cost, replacement price Koha item type Public note
Written off     Non-fiction Central Library Central Library 26/08/2020 28.00 480 DAL b-103692 1 28.00 Children Books Written off on approval by DLB (By Circulation); dtd 15-06-2023

© Delhi Public Library
Hit Counter
free hit counter